| 000 | 00556nam a22002052 4500 | ||
|---|---|---|---|
| 001 | 0000001789 | ||
| 005 | 20151217154331.0 | ||
| 008 | 070327s xx 000 0 eng d | ||
| 020 | _a089529835x : | ||
| 040 |
_aKABU _cKABU |
||
| 050 | 0 |
_aHD57.7 _b.S65 |
|
| 100 | 1 |
_aSmith, Perry M. _@0000150811 |
|
| 245 | 1 | 0 | _aRules and tools for leaders. |
| 260 |
_aNew York : _bAvery Publishing, _c1998. |
||
| 300 | _axiii, 290 p. | ||
| 650 | 0 |
_aLeadership. _@0000150687 |
|
| 908 | _a070327 | ||
| 950 | _@1 | ||
| 999 |
_c10557 _d10557 |
||